All JR motorsports drivers - Statistics

General Stats
  • This quiz has been taken 11 times
  • The average score is 27 of 41
Answer Stats
Hint Answer % Correct
2023 7 Justin allgaier
90%
2022 7 Justin allgaier
90%
2021 7 Justin allgaier
90%
2020 7 Justin allgaier
90%
2019 7 Justin allgaier
90%
2018 7 Justin allgaier
90%
2017 7 justin allgaier
90%
2016 7 Justin allgaier
90%
2023 8 josh berry
80%
2022 8 josh berry
80%
2021 8 josh berry
80%
2023 1 Sam mayer
80%
2022 1 Sam mayer
80%
2021 8 Sam mayer
80%
2015 9 chase elliott
70%
2014 9 chase elliott
70%
2021 1 Michael annett
70%
2020 1 Michael annett
70%
2019 1 Michael annett
70%
2018 5 Michael annett
70%
2017 5 Michael annett
70%
2015 7 Regan smith
70%
2014 7 Regan smith
70%
2013 7 Regan smith
70%
2009 88 Brad keselowski
60%
2023 9 Brandon jones
60%
2018 1 Elliott sadler
60%
2017 1 Elliott sadler
60%
2016 1 Elliott sadler
60%
2018 9 Tyler reddick
60%
2012 7 danica patrick
50%
2022 9 Noah gragson
50%
2021 9 Noah gragson
50%
2020 9 Noah gragson
50%
2019 9 Noah gragson
50%
2017 9 William byron
50%
2020 8 Jeb burton
40%
2011 88 aric almirola
20%
2020 8 Daniel hemric
20%
2012 88 Cole whitt
10%
2008 88 brad keselwski
0%
No matching quizzes found
Score Distribution
Percent of People with Each Score
Percentile by Number Answered
Your Score History
You have not taken this quiz